U.S. High Schoolers with Sub 4 Minute Miles - Statistics

General Stats
  • This quiz has been taken 476 times
    22 since last reset
  • The average score is 15 of 30
Answer Stats
Hint Answer % Correct
3:53.43 Alan Webb
91%
3:55.30 Jim Ryun
82%
3:56.24 Colin Sahlman
73%
3:59.38 Grant Fisher
73%
3:57.66 Hobbs Kessler
73%
3:57.47 Josiah Tostenson
73%
3:56.66 Owen Powell
73%
3:59.23 Corbin Coombs
64%
3:57.53 Simeon Birnbaum
64%
3:59.61 Tayvon Kitchen
64%
3:59.02 TJ Hansen
64%
3:57.72 Drew Griffith
55%
3:58.24 Rocky Hansen
55%
3:57.89 Gary Martin
45%
3:59.08 Jackson Heidesch
45%
3:58.70 Tinoda Matsatsa
45%
3:58.83 Connor Burns
36%
3:57.81 Drew Hunter
36%
3:59.87 JoJo Jourdon
36%
3:59.54 Leo Daschbach
36%
3:59.71 Lukas Verzbicas
36%
3:59.80 Marty Liquori
36%
3:59.38 Matthew Maton
36%
3:59.53 Michael Slagowski
36%
3:59.30 Reed Brown
36%
3:59.40 Tim Danielson
36%
3:59.79 Tommy Latham
36%
3:59.62 Zachary Hillhouse
36%
3:58.65 Quentin Nauman
27%
3:59.33 Rheinhardt Harrison
9%
No matching quizzes found
Score Distribution
Percent of People with Each Score
Percentile by Number Answered
Your Score History
You have not taken this quiz since the last reset